[Event "Deltalift Open"]
[Site "Tylosand"]
[Date "2019.05.30"]
[Round "1.1"]
[White "Jobava, Baadur"]
[Black "Narva, David"]
[Result "1-0"]
[BlackElo "1956"]
[WhiteElo "2596"]
[LiveChessVersion "1.4.8"]

1. f4 {[%clk 0:30:20]} g6 {[%clk 0:30:17]} 2. Nf3 {[%clk 0:30:25]} Bg7
{[%clk 0:30:26]} 3. d4 {[%clk 0:30:33]} Nf6 {[%clk 0:29:42]} 4. c3
{[%clk 0:30:41]} d5 {[%clk 0:28:50]} 5. Be3 {[%clk 0:30:49]} Ne4 {[%clk 0:27:51]}
6. Nbd2 {[%clk 0:30:58]} O-O {[%clk 0:26:02]} 7. Nxe4 {[%clk 0:31:03]} dxe4
{[%clk 0:26:11]} 8. Ng5 {[%clk 0:31:05]} Qd5 {[%clk 0:25:07]} 9. Qb3
{[%clk 0:31:13]} Qxb3 {[%clk 0:24:43]} 10. axb3 {[%clk 0:31:23]} f5
{[%clk 0:24:45]} 11. g4 {[%clk 0:31:28]} h6 {[%clk 0:23:28]} 12. Nh3
{[%clk 0:31:37]} Be6 {[%clk 0:23:38]} 13. gxf5 {[%clk 0:30:42]} gxf5
{[%clk 0:23:42]} 14. c4 {[%clk 0:30:20]} Na6 {[%clk 0:22:06]} 15. Rg1
{[%clk 0:30:22]} Kh7 {[%clk 0:21:30]} 16. Kd2 {[%clk 0:30:02]} Rfd8
{[%clk 0:20:33]} 17. Kc3 {[%clk 0:30:10]} c5 {[%clk 0:20:05]} 18. Rxg7+
{[%clk 0:30:20]} Kxg7 {[%clk 0:20:12]} 19. dxc5 {[%clk 0:30:30]} Nb8
{[%clk 0:17:25]} 20. b4 {[%clk 0:30:29]} Nd7 {[%clk 0:17:23]} 21. Bd4+
{[%clk 0:30:36]} Nf6 {[%clk 0:17:07]} 22. e3 {[%clk 0:30:44]} Rdc8
{[%clk 0:12:29]} 23. Ng5 {[%clk 0:30:04]} hxg5 {[%clk 0:11:45]} 24. fxg5
{[%clk 0:30:13]} Rh8 {[%clk 0:11:28]} 25. Be5 {[%clk 0:30:11]} Kg6
{[%clk 0:10:30]} 26. gxf6 {[%clk 0:30:20]} exf6 {[%clk 0:09:31]} 27. Bf4
{[%clk 0:30:28]} Rh4 {[%clk 0:08:18]} 28. Bg3 {[%clk 0:30:32]} Rg4
{[%clk 0:06:28]} 29. Be2 {[%clk 0:30:33]} a6 {[%clk 0:04:26]} 30. Bxg4
{[%clk 0:30:26]} fxg4 {[%clk 0:04:36]} 31. b5 {[%clk 0:30:27]} Rc8
{[%clk 0:04:42]} 32. c6 {[%clk 0:30:20]} 1-0

[Event "Deltalift Open"]
[Site "Tylosand"]
[Date "2019.05.30"]
[Round "2.1"]
[White "Sigeman, Johan"]
[Black "Jobava, Baadur"]
[Result "0-1"]
[BlackElo "2596"]
[WhiteElo "2131"]
[LiveChessVersion "1.4.8"]

1. c4 {[%clk 0:30:21]} Nf6 {[%clk 0:30:04]} 2. Nc3 {[%clk 0:30:26]} e6
{[%clk 0:30:09]} 3. e4 {[%clk 0:30:25]} d5 {[%clk 0:28:35]} 4. cxd5
{[%clk 0:30:12]} exd5 {[%clk 0:28:41]} 5. e5 {[%clk 0:30:20]} Ne4
{[%clk 0:28:04]} 6. d4 {[%clk 0:29:51]} Nc6 {[%clk 0:26:27]} 7. Nf3
{[%clk 0:28:26]} Bb4 {[%clk 0:25:50]} 8. Bd2 {[%clk 0:25:31]} O-O
{[%clk 0:23:56]} 9. Bd3 {[%clk 0:24:02]} Bf5 {[%clk 0:22:52]} 10. O-O
{[%clk 0:21:20]} Bg6 {[%clk 0:20:22]} 11. Qe2 {[%clk 0:19:58]} f5
{[%clk 0:15:46]} 12. a3 {[%clk 0:13:30]} Bxc3 {[%clk 0:15:31]} 13. bxc3
{[%clk 0:13:29]} Bh5 {[%clk 0:15:18]} 14. Rab1 {[%clk 0:08:34]} Na5
{[%clk 0:15:13]} 15. c4 {[%clk 0:08:07]} Nxc4 {[%clk 0:14:58]} 16. Bxc4
{[%clk 0:07:42]} dxc4 {[%clk 0:13:30]} 17. Qxc4+ {[%clk 0:07:17]} Kh8
{[%clk 0:13:26]} 18. Bb4 {[%clk 0:06:46]} Re8 {[%clk 0:12:51]} 19. Rb3
{[%clk 0:06:24]} Qd7 {[%clk 0:11:55]} 20. Re3 {[%clk 0:05:53]} Rad8
{[%clk 0:11:58]} 21. h3 {[%clk 0:04:45]} Re6 {[%clk 0:09:52]} 22. Nh4
{[%clk 0:03:42]} Bg6 {[%clk 0:05:35]} 23. f3 {[%clk 0:02:18]} Ng3
{[%clk 0:04:55]} 24. Rd1 {[%clk 0:01:55]} f4 {[%clk 0:04:48]} 25. Nxg6+
{[%clk 0:01:47]} hxg6 {[%clk 0:03:35]} 26. Red3 {[%clk 0:01:11]} g5
{[%clk 0:03:13]} 27. Be1 {[%clk 0:00:59]} Nf5 {[%clk 0:01:54]} 28. Bf2
{[%clk 0:01:06]} Ne7 {[%clk 0:01:54]} 29. d5 {[%clk 0:00:22]} Rxe5
{[%clk 0:01:59]} 30. Bd4 {[%clk 0:00:21]} Rxd5 {[%clk 0:01:47]} 31. Qc3
{[%clk 0:00:16]} Kh7 {[%clk 0:01:35]} 32. Qc2 {[%clk 0:00:18]} Ng6
{[%clk 0:00:41]} 33. h4 {[%clk 0:00:17]} gxh4 {[%clk 0:00:44]} 34. R3d2
{[%clk 0:00:18]} c6 {[%clk 0:00:38]} 35. Bc3 {[%clk 0:00:16]} Qf7
{[%clk 0:00:28]} 36. Re1 {[%clk 0:00:15]} Rxd2 {[%clk 0:00:33]} 37. Bxd2
{[%clk 0:00:25]} Qd5 {[%clk 0:00:39]} 0-1

[Event "Deltalift Open"]
[Site "Tylosand"]
[Date "2019.05.30"]
[Round "2.14"]
[White "Kucuksari, Kaan"]
[Black "Trost, Edvin"]
[Result "1/2-1/2"]
[BlackElo "2091"]
[WhiteElo "2299"]
[LiveChessVersion "1.4.8"]

1. d4 {[%clk 0:30:22]} Nf6 {[%clk 0:30:23]} 2. c4 {[%clk 0:30:30]} e6
{[%clk 0:30:26]} 3. Nf3 {[%clk 0:30:38]} d5 {[%clk 0:30:37]} 4. g3
{[%clk 0:30:49]} Be7 {[%clk 0:30:42]} 5. Bg2 {[%clk 0:31:00]} O-O
{[%clk 0:30:43]} 6. O-O {[%clk 0:31:09]} c6 {[%clk 0:30:27]} 7. Nbd2
{[%clk 0:30:52]} Nbd7 {[%clk 0:30:32]} 8. Qc2 {[%clk 0:31:03]} b6
{[%clk 0:30:12]} 9. e4 {[%clk 0:31:08]} dxe4 {[%clk 0:30:20]} 10. Nxe4
{[%clk 0:31:06]} Bb7 {[%clk 0:30:07]} 11. Rd1 {[%clk 0:30:48]} Nxe4
{[%clk 0:26:46]} 12. Qxe4 {[%clk 0:30:58]} Nf6 {[%clk 0:26:56]} 13. Qc2
{[%clk 0:30:58]} Qc7 {[%clk 0:26:46]} 14. Bf4 {[%clk 0:30:55]} Bd6
{[%clk 0:26:12]} 15. Bxd6 {[%clk 0:29:54]} Qxd6 {[%clk 0:26:20]} 16. c5
{[%clk 0:30:06]} bxc5 {[%clk 0:24:02]} 17. dxc5 {[%clk 0:30:00]} Qc7
{[%clk 0:24:07]} 18. Qe2 {[%clk 0:29:25]} Rfd8 {[%clk 0:23:32]} 19. Qe5
{[%clk 0:29:07]} Qe7 {[%clk 0:22:33]} 20. Qc3 {[%clk 0:22:00]} Nd5
{[%clk 0:20:24]} 21. Qa5 {[%clk 0:22:11]} e5 {[%clk 0:14:11]} 22. Nd2
{[%clk 0:17:44]} Bc8 {[%clk 0:13:23]} 23. Nc4 {[%clk 0:17:21]} f6
{[%clk 0:10:25]} 24. Bxd5+ {[%clk 0:12:04]} Rxd5 {[%clk 0:09:57]} 25. Rxd5
{[%clk 0:11:33]} cxd5 {[%clk 0:10:08]} 26. Nb6 {[%clk 0:11:44]} axb6
{[%clk 0:05:27]} 27. Qxa8 {[%clk 0:11:52]} Qxc5 {[%clk 0:05:38]} 28. b4
{[%clk 0:07:22]} Qc4 {[%clk 0:05:20]} 29. b5 {[%clk 0:06:33]} Kf7
{[%clk 0:03:11]} 30. Qa7+ {[%clk 0:06:39]} Kg6 {[%clk 0:02:45]} 31. Qxb6
{[%clk 0:06:49]} Bh3 32. Qe3 {[%clk 0:06:18]} Qxb5 {[%clk 0:01:18]} 33. g4
{[%clk 0:06:07]} Qb2 {[%clk 0:01:04]} 34. Re1 {[%clk 0:01:25]} Qb4
{[%clk 0:00:56]} 35. f3 {[%clk 0:00:23]} h5 {[%clk 0:00:34]} 36. a3
{[%clk 0:00:27]} Qa5 {[%clk 0:00:28]} 37. gxh5+ {[%clk 0:00:31]} Kxh5
{[%clk 0:00:35]} 38. f4 {[%clk 0:00:41]} Bf5 {[%clk 0:00:19]} 39. fxe5
{[%clk 0:00:50]} fxe5 {[%clk 0:00:30]} 40. Qf3+ {[%clk 0:00:41]} Bg4
{[%clk 0:00:15]} 41. Rxe5+ {[%clk 0:00:36]} g5 {[%clk 0:00:25]} 42. Qf7+
{[%clk 0:00:34]} Kh4 {[%clk 0:00:36]} 43. Qf2+ {[%clk 0:00:23]} Kh5
{[%clk 0:00:47]} 44. Qe3 {[%clk 0:00:26]} Qd8 {[%clk 0:00:47]} 45. h3
{[%clk 0:00:30]} Bc8 {[%clk 0:00:50]} 46. Qf3+ {[%clk 0:00:35]} Kh6
{[%clk 0:00:27]} 47. Qf2 {[%clk 0:00:19]} d4 {[%clk 0:00:17]} 48. Re4
{[%clk 0:00:22]} d3 {[%clk 0:00:23]} 49. Rd4 {[%clk 0:00:21]} Qb6
{[%clk 0:00:14]} 50. Rxd3 {[%clk 0:00:22]} Qb1+ {[%clk 0:00:25]} 51. Qf1
{[%clk 0:00:33]} Qxf1+ {[%clk 0:00:21]} 52. Kxf1 Ba6 53. Ke2 {[%clk 0:00:55]} Kh5
{[%clk 0:00:44]} 54. Kd2 {[%clk 0:01:02]} Bxd3 {[%clk 0:00:56]} 55. Kxd3 Kh4 56.
a4 {[%clk 0:01:21]} Kxh3 {[%clk 0:01:18]} 57. a5 {[%clk 0:01:30]} g4
{[%clk 0:01:29]} 58. a6 {[%clk 0:01:42]} g3 {[%clk 0:01:40]} 59. a7
{[%clk 0:00:55]} g2 {[%clk 0:01:51]} 60. a8=Q {[%clk 0:01:04]} g1=Q
{[%clk 0:02:02]} 61. Qh8+ {[%clk 0:01:04]} Kg2 {[%clk 0:02:06]} 62. Qg7+
{[%clk 0:01:14]} Kf1 {[%clk 0:02:01]} 63. Qa1+ {[%clk 0:01:18]} Kg2
{[%clk 0:02:11]} 64. Qa8+ {[%clk 0:01:05]} Kh2 {[%clk 0:02:01]} 65. Qh8+
{[%clk 0:01:07]} Kg2 {[%clk 0:02:11]} 66. Qg7+ {[%clk 0:01:18]} Kf1
{[%clk 0:02:17]} 67. Qxg1+ {[%clk 0:01:28]} Kxg1 {[%clk 0:02:28]} 1/2-1/2

[Event "Deltalift Open"]
[Site "Tylosand"]
[Date "2019.05.30"]
[Round "2.24"]
[White "Nilsson, Eskil"]
[Black "Hansen, Lars"]
[Result "0-1"]
[BlackElo "2196"]
[WhiteElo "2022"]
[LiveChessVersion "1.4.8"]

1. e4 {[%clk 0:30:21]} g6 {[%clk 0:30:21]} 2. d4 {[%clk 0:30:26]} Bg7
{[%clk 0:30:33]} 3. Nc3 {[%clk 0:30:27]} d6 {[%clk 0:30:43]} 4. Be3
{[%clk 0:30:24]} a6 {[%clk 0:30:53]} 5. f4 {[%clk 0:30:13]} b5 {[%clk 0:30:36]}
6. Be2 {[%clk 0:28:29]} Bb7 {[%clk 0:30:28]} 7. Bf3 {[%clk 0:28:26]} b4
{[%clk 0:29:23]} 8. Nb1 {[%clk 0:27:54]} e5 {[%clk 0:28:06]} 9. Ne2
{[%clk 0:26:37]} Nf6 {[%clk 0:24:57]} 10. dxe5 {[%clk 0:23:02]} dxe5
{[%clk 0:24:46]} 11. Qxd8+ {[%clk 0:23:02]} Kxd8 {[%clk 0:24:56]} 12. Nd2
{[%clk 0:22:47]} Nbd7 {[%clk 0:23:25]} 13. O-O-O {[%clk 0:22:13]} Kc8
{[%clk 0:23:29]} 14. c3 {[%clk 0:20:30]} a5 {[%clk 0:23:35]} 15. g3
{[%clk 0:18:34]} Re8 {[%clk 0:22:22]} 16. f5 {[%clk 0:15:47]} gxf5
{[%clk 0:17:55]} 17. exf5 {[%clk 0:15:53]} Bxf3 {[%clk 0:13:07]} 18. Nxf3
{[%clk 0:15:57]} Ng4 {[%clk 0:13:04]} 19. Bg1 {[%clk 0:15:46]} e4
{[%clk 0:09:39]} 20. Ne1 {[%clk 0:10:25]} Nh6 {[%clk 0:05:24]} 21. Bd4
{[%clk 0:09:40]} Ne5 {[%clk 0:05:02]} 22. Rf1 {[%clk 0:09:16]} Nhg4
{[%clk 0:03:34]} 23. h3 {[%clk 0:06:35]} Nh2 {[%clk 0:03:13]} 24. Rf2
{[%clk 0:06:19]} Bh6+ {[%clk 0:02:28]} 25. Kc2 {[%clk 0:05:42]} Nhf3
{[%clk 0:02:37]} 26. Nf4 {[%clk 0:04:23]} Bxf4 {[%clk 0:02:19]} 27. gxf4
{[%clk 0:02:39]} Nxe1+ {[%clk 0:02:10]} 28. Rxe1 {[%clk 0:02:48]} Nd3
{[%clk 0:02:15]} 29. Rxe4 {[%clk 0:02:52]} Rxe4 {[%clk 0:02:14]} 30. Kxd3
{[%clk 0:03:03]} Re1 {[%clk 0:01:11]} 31. Rg2 {[%clk 0:03:04]} Ra6
{[%clk 0:00:50]} 32. f6 {[%clk 0:02:41]} Kd7 {[%clk 0:00:35]} 33. Rg7
{[%clk 0:02:42]} Ke6 {[%clk 0:00:41]} 34. Rxh7 {[%clk 0:02:17]} c5
{[%clk 0:00:22]} 35. Bxc5 {[%clk 0:01:46]} bxc3 {[%clk 0:00:24]} 36. bxc3
{[%clk 0:01:36]} Kf5 {[%clk 0:00:28]} 37. Rxf7 {[%clk 0:01:06]} Rxf6
{[%clk 0:00:19]} 38. Rxf6+ {[%clk 0:00:37]} Kxf6 {[%clk 0:00:29]} 39. Bd4+
{[%clk 0:00:24]} Kf5 {[%clk 0:00:36]} 40. Kc4 {[%clk 0:00:17]} Ra1
{[%clk 0:00:16]} 41. Kb3 {[%clk 0:00:14]} Kxf4 {[%clk 0:00:25]} 42. a3
{[%clk 0:00:24]} Ke4 {[%clk 0:00:33]} 43. h4 {[%clk 0:00:31]} Kd5
{[%clk 0:00:37]} 44. Bf6 {[%clk 0:00:32]} Rb1+ {[%clk 0:00:40]} 45. Ka4
{[%clk 0:00:24]} Kc4 {[%clk 0:00:22]} 46. Kxa5 {[%clk 0:00:34]} Rb7
{[%clk 0:00:18]} 47. Bd4 {[%clk 0:00:38]} Rb5+ {[%clk 0:00:23]} 48. Ka6
{[%clk 0:00:38]} Rh5 {[%clk 0:00:15]} 49. a4 {[%clk 0:00:44]} Rxh4
{[%clk 0:00:25]} 50. a5 {[%clk 0:00:52]} Rh6+ {[%clk 0:00:30]} 51. Kb7
{[%clk 0:00:56]} Kb5 {[%clk 0:00:39]} 52. Bb6 {[%clk 0:00:24]} Rc6
{[%clk 0:00:25]} 53. Kb8 Rxc3 54. Kb7 Rc6 55. Ka7 0-1

[Event "Deltalift Open"]
[Site "Tylosand"]
[Date "2019.05.30"]
[Round "3.1"]
[White "Jobava, Baadur"]
[Black "Crevatin, Leo"]
[Result "1/2-1/2"]
[BlackElo "2098"]
[WhiteElo "2596"]
[LiveChessVersion "1.4.8"]

1. d4 {[%clk 0:30:09]} d5 {[%clk 0:30:22]} 2. Nc3 {[%clk 0:30:10]} Nf6
{[%clk 0:30:24]} 3. Bf4 {[%clk 0:30:20]} a6 {[%clk 0:30:03]} 4. e3
{[%clk 0:30:29]} Bf5 {[%clk 0:29:57]} 5. Bd3 {[%clk 0:30:37]} Bxd3
{[%clk 0:30:00]} 6. cxd3 {[%clk 0:30:48]} e6 {[%clk 0:29:30]} 7. Nf3
{[%clk 0:30:55]} Bd6 {[%clk 0:29:05]} 8. O-O {[%clk 0:30:51]} Bxf4
{[%clk 0:28:08]} 9. exf4 {[%clk 0:31:02]} O-O {[%clk 0:28:18]} 10. Re1
{[%clk 0:31:05]} Nc6 {[%clk 0:26:29]} 11. Rc1 {[%clk 0:31:14]} Nd7
{[%clk 0:25:54]} 12. Na4 {[%clk 0:30:12]} Qf6 {[%clk 0:23:28]} 13. g3
{[%clk 0:30:20]} Rfd8 {[%clk 0:22:58]} 14. Rxc6 {[%clk 0:29:39]} bxc6
{[%clk 0:23:06]} 15. Qc2 {[%clk 0:29:47]} c5 {[%clk 0:21:20]} 16. Nxc5
{[%clk 0:20:41]} Nxc5 {[%clk 0:21:30]} 17. Qxc5 {[%clk 0:20:52]} Rdb8
{[%clk 0:19:55]} 18. b3 {[%clk 0:21:01]} a5 {[%clk 0:19:10]} 19. Ne5
{[%clk 0:21:11]} Re8 {[%clk 0:17:27]} 20. a4 {[%clk 0:19:58]} Qe7
{[%clk 0:17:08]} 21. Qxe7 {[%clk 0:20:02]} Rxe7 {[%clk 0:17:18]} 22. Rc1
{[%clk 0:20:12]} c5 {[%clk 0:14:45]} 23. dxc5 {[%clk 0:19:21]} Rb7
{[%clk 0:12:18]} 24. c6 {[%clk 0:19:30]} Rc7 {[%clk 0:12:29]} 25. Nf3
{[%clk 0:19:36]} Ra6 {[%clk 0:11:42]} 26. Nd4 {[%clk 0:19:45]} f6
{[%clk 0:10:14]} 27. Re1 {[%clk 0:17:29]} Re7 {[%clk 0:07:53]} 28. Nf5
{[%clk 0:17:26]} Re8 {[%clk 0:07:42]} 29. c7 {[%clk 0:16:40]} Rc6
{[%clk 0:05:45]} 30. c8=Q {[%clk 0:16:48]} Rexc8 {[%clk 0:05:56]} 31. Ne7+
{[%clk 0:16:58]} Kf7 {[%clk 0:06:07]} 32. Nxc8 {[%clk 0:17:07]} Rxc8
{[%clk 0:06:17]} 33. Rb1 {[%clk 0:16:58]} Rc3 {[%clk 0:06:15]} 34. d4
{[%clk 0:16:51]} Rd3 {[%clk 0:05:40]} 35. b4 {[%clk 0:16:59]} Rxd4
{[%clk 0:05:04]} 36. b5 {[%clk 0:17:08]} Rc4 {[%clk 0:05:15]} 37. b6
{[%clk 0:16:16]} Rc8 {[%clk 0:05:26]} 38. Kf1 {[%clk 0:16:13]} Rb8
{[%clk 0:04:46]} 39. Ke2 {[%clk 0:15:46]} Ke7 {[%clk 0:04:51]} 40. Kd3
{[%clk 0:15:32]} Kd6 {[%clk 0:04:38]} 41. f5 {[%clk 0:11:19]} e5 {[%clk 0:04:34]}
42. f4 {[%clk 0:11:21]} Kc6 {[%clk 0:03:25]} 43. fxe5 {[%clk 0:09:08]} fxe5
{[%clk 0:03:35]} 44. Rc1+ {[%clk 0:09:14]} Kd6 {[%clk 0:03:24]} 45. Rb1
{[%clk 0:08:11]} Kc6 {[%clk 0:03:32]} 46. Re1 {[%clk 0:07:30]} Kd6
{[%clk 0:03:09]} 47. Rb1 {[%clk 0:07:40]} 1/2-1/2

[Event "Deltalift Open"]
[Site "Tylosand"]
[Date "2019.05.30"]
[Round "3.8"]
[White "Hansen, Lars"]
[Black "Lindberg, Bengt"]
[Result "0-1"]
[BlackElo "2382"]
[WhiteElo "2196"]
[LiveChessVersion "1.4.8"]

1. d4 {[%clk 0:30:18]} Nf6 {[%clk 0:30:23]} 2. Bg5 {[%clk 0:30:28]} e6
{[%clk 0:30:31]} 3. e4 {[%clk 0:30:37]} h6 {[%clk 0:30:41]} 4. Bxf6
{[%clk 0:30:47]} Qxf6 {[%clk 0:30:50]} 5. c3 {[%clk 0:30:56]} d5 {[%clk 0:30:53]}
6. Nd2 {[%clk 0:31:02]} a6 {[%clk 0:30:36]} 7. Ngf3 {[%clk 0:29:27]} c5
{[%clk 0:30:46]} 8. Bd3 {[%clk 0:29:00]} Nc6 {[%clk 0:30:51]} 9. O-O
{[%clk 0:26:27]} cxd4 {[%clk 0:30:25]} 10. Nxd4 {[%clk 0:25:24]} Bc5
{[%clk 0:19:42]} 11. exd5 {[%clk 0:23:07]} exd5 {[%clk 0:19:31]} 12. Re1+
{[%clk 0:15:20]} Kf8 {[%clk 0:19:33]} 13. N2b3 {[%clk 0:14:40]} Bb6
{[%clk 0:19:16]} 14. Qh5 {[%clk 0:13:32]} g5 {[%clk 0:16:37]} 15. Re3
{[%clk 0:10:40]} Ne5 {[%clk 0:16:26]} 16. f4 {[%clk 0:03:37]} Qxf4
{[%clk 0:14:54]} 17. Qe2 {[%clk 0:01:28]} Ng4 {[%clk 0:09:39]} 18. Rg3
{[%clk 0:01:13]} Nxh2 {[%clk 0:07:18]} 19. Kxh2 {[%clk 0:01:21]} Bc7
{[%clk 0:07:21]} 20. Qf3 {[%clk 0:00:53]} Qh4+ {[%clk 0:06:26]} 21. Kg1
{[%clk 0:01:04]} Qxg3 {[%clk 0:04:35]} 22. Qe2 {[%clk 0:00:15]} Bg4
{[%clk 0:04:12]} 0-1

[Event "Deltalift Open"]
[Site "Tylosand"]
[Date "2019.05.30"]
[Round "4.7"]
[White "Holst, Conny"]
[Black "Jobava, Baadur"]
[Result "0-1"]
[BlackElo "2596"]
[WhiteElo "2197"]
[LiveChessVersion "1.4.8"]

1. d4 {[%clk 0:30:21]} d5 {[%clk 0:30:13]} 2. c4 {[%clk 0:30:26]} c6
{[%clk 0:30:21]} 3. Nf3 {[%clk 0:30:24]} e6 {[%clk 0:30:27]} 4. e3
{[%clk 0:29:44]} Bd6 {[%clk 0:30:28]} 5. Nc3 {[%clk 0:29:40]} f5 {[%clk 0:30:33]}
6. Ne5 {[%clk 0:24:57]} Nf6 {[%clk 0:30:32]} 7. Bd3 {[%clk 0:23:24]} O-O
{[%clk 0:30:35]} 8. f4 {[%clk 0:22:24]} Ne4 {[%clk 0:28:58]} 9. O-O
{[%clk 0:21:05]} Nd7 {[%clk 0:29:03]} 10. Bd2 {[%clk 0:16:34]} Nxd2
{[%clk 0:29:03]} 11. Qxd2 {[%clk 0:16:44]} Nxe5 {[%clk 0:28:35]} 12. fxe5
{[%clk 0:16:38]} Be7 {[%clk 0:28:42]} 13. g4 {[%clk 0:15:27]} dxc4
{[%clk 0:26:13]} 14. Bxc4 {[%clk 0:15:12]} b5 {[%clk 0:25:54]} 15. Bb3
{[%clk 0:14:09]} Kh8 {[%clk 0:25:58]} 16. gxf5 {[%clk 0:11:41]} exf5
{[%clk 0:26:06]} 17. Rad1 {[%clk 0:10:44]} a5 {[%clk 0:25:33]} 18. a3
{[%clk 0:09:54]} a4 {[%clk 0:25:26]} 19. Ba2 {[%clk 0:09:55]} b4 {[%clk 0:25:29]}
20. axb4 {[%clk 0:06:23]} Bxb4 {[%clk 0:25:19]} 21. Bc4 {[%clk 0:02:49]} Bb7
{[%clk 0:23:31]} 22. e4 {[%clk 0:01:26]} f4 {[%clk 0:20:53]} 23. d5
{[%clk 0:00:50]} Qg5+ {[%clk 0:20:56]} 24. Kh1 {[%clk 0:00:43]} Qxe5
{[%clk 0:21:04]} 25. Qd4 {[%clk 0:00:25]} Qxd4 {[%clk 0:21:08]} 26. Rxd4
{[%clk 0:00:36]} a3 {[%clk 0:21:17]} 27. Na2 {[%clk 0:00:33]} Bc5
{[%clk 0:20:00]} 28. Rd2 {[%clk 0:00:44]} Be3 {[%clk 0:19:26]} 29. Rc2
{[%clk 0:00:41]} cxd5 {[%clk 0:19:27]} 30. Bxd5 {[%clk 0:00:28]} Ba6
{[%clk 0:19:05]} 31. Rf3 {[%clk 0:00:23]} Rac8 {[%clk 0:18:51]} 32. Rxc8
{[%clk 0:00:18]} Rxc8 {[%clk 0:19:00]} 33. bxa3 {[%clk 0:00:25]} Be2
{[%clk 0:18:59]} 0-1

[Event "Deltalift Open"]
[Site "Tylosand"]
[Date "2019.05.30"]
[Round "4.18"]
[White "Wahlstrom, Lennart"]
[Black "Mattsson, Michael"]
[Result "1-0"]
[BlackElo "2053"]
[WhiteElo "2196"]
[LiveChessVersion "1.4.8"]

1. e4 {[%clk 0:30:21]} e5 {[%clk 0:30:19]} 2. Nf3 {[%clk 0:30:31]} Nc6
{[%clk 0:30:29]} 3. Nc3 {[%clk 0:30:39]} Nf6 {[%clk 0:30:32]} 4. d4
{[%clk 0:30:49]} exd4 {[%clk 0:30:41]} 5. Nxd4 {[%clk 0:30:59]} Bb4
{[%clk 0:30:45]} 6. Nxc6 {[%clk 0:31:08]} bxc6 {[%clk 0:30:52]} 7. Bd3
{[%clk 0:31:17]} d5 {[%clk 0:30:59]} 8. exd5 {[%clk 0:31:26]} cxd5
{[%clk 0:31:08]} 9. O-O {[%clk 0:31:32]} O-O {[%clk 0:31:15]} 10. Bg5
{[%clk 0:31:40]} c6 {[%clk 0:31:24]} 11. Qf3 {[%clk 0:31:47]} h6 {[%clk 0:31:34]}
12. Bxf6 {[%clk 0:31:55]} Qxf6 {[%clk 0:31:41]} 13. Qxf6 {[%clk 0:32:05]} gxf6
{[%clk 0:31:50]} 14. Ne2 {[%clk 0:31:53]} Bd6 {[%clk 0:30:50]} 15. Rae1
{[%clk 0:30:44]} Rb8 {[%clk 0:30:24]} 16. b3 {[%clk 0:30:50]} Rb4
{[%clk 0:30:26]} 17. c3 {[%clk 0:27:52]} Rh4 {[%clk 0:29:30]} 18. Ng3
{[%clk 0:20:35]} Kh8 {[%clk 0:25:39]} 19. h3 {[%clk 0:06:31]} Be5
{[%clk 0:24:17]} 20. c4 {[%clk 0:06:16]} Rg8 {[%clk 0:21:55]} 21. cxd5
{[%clk 0:04:43]} cxd5 {[%clk 0:17:55]} 22. Re3 {[%clk 0:02:07]} d4
{[%clk 0:15:03]} 23. Re4 {[%clk 0:01:43]} Rxe4 {[%clk 0:12:37]} 24. Bxe4
{[%clk 0:01:51]} Ba6 {[%clk 0:08:05]} 25. Rd1 {[%clk 0:01:56]} Bxg3
{[%clk 0:05:56]} 26. fxg3 {[%clk 0:02:06]} Rxg3 {[%clk 0:05:59]} 27. Rxd4
{[%clk 0:02:09]} Re3 {[%clk 0:05:20]} 28. Bf3 {[%clk 0:02:07]} Rd3
{[%clk 0:04:37]} 29. Rxd3 {[%clk 0:02:16]} Bxd3 {[%clk 0:04:48]} 30. Kf2
{[%clk 0:02:24]} a5 {[%clk 0:04:39]} 31. Ke3 {[%clk 0:02:25]} Bb1
{[%clk 0:03:43]} 32. a3 {[%clk 0:02:35]} Kg8 {[%clk 0:03:29]} 33. b4
{[%clk 0:02:42]} axb4 {[%clk 0:03:39]} 34. axb4 {[%clk 0:02:52]} Kf8
{[%clk 0:03:50]} 35. Kd4 {[%clk 0:02:41]} Ke7 {[%clk 0:03:57]} 36. Bd5
{[%clk 0:02:40]} f5 {[%clk 0:03:47]} 37. Ke5 {[%clk 0:02:33]} f6+
{[%clk 0:03:57]} 38. Kf4 {[%clk 0:02:43]} Kd6 {[%clk 0:03:53]} 39. Bg8
{[%clk 0:02:53]} h5 {[%clk 0:03:25]} 40. Bh7 {[%clk 0:02:56]} Ke6
{[%clk 0:03:10]} 41. b5 {[%clk 0:03:00]} Be4 {[%clk 0:00:55]} 42. g3
{[%clk 0:03:09]} h4 {[%clk 0:00:37]} 43. gxh4 {[%clk 0:02:55]} Kd6
{[%clk 0:00:31]} 44. Bxf5 {[%clk 0:03:02]} 1-0

[Event "Deltalift Open"]
[Site "Tylosand"]
[Date "2019.05.30"]
[Round "4.19"]
[White "Ivarsson, Sebastian"]
[Black "Hansen, Lars"]
[Result "0-1"]
[BlackElo "2196"]
[WhiteElo "2013"]
[LiveChessVersion "1.4.8"]

1. d4 {[%clk 0:30:23]} e6 {[%clk 0:30:21]} 2. c4 {[%clk 0:30:31]} b6
{[%clk 0:30:31]} 3. Nf3 {[%clk 0:30:29]} Bb7 {[%clk 0:30:29]} 4. g3
{[%clk 0:29:56]} Bb4+ {[%clk 0:30:40]} 5. Bd2 {[%clk 0:29:46]} Bxf3
{[%clk 0:30:46]} 6. exf3 {[%clk 0:29:53]} Bxd2+ {[%clk 0:30:57]} 7. Qxd2
{[%clk 0:29:30]} Ne7 {[%clk 0:31:06]} 8. Bg2 {[%clk 0:29:32]} O-O
{[%clk 0:30:36]} 9. O-O {[%clk 0:29:21]} d5 {[%clk 0:30:46]} 10. f4
{[%clk 0:29:12]} Nbc6 {[%clk 0:30:30]} 11. Nc3 {[%clk 0:28:27]} dxc4
{[%clk 0:25:16]} 12. d5 {[%clk 0:26:35]} exd5 {[%clk 0:24:55]} 13. Nxd5
{[%clk 0:26:14]} Nf5 {[%clk 0:24:31]} 14. Qc2 {[%clk 0:25:48]} Ncd4
{[%clk 0:23:14]} 15. Qxc4 {[%clk 0:25:16]} c5 {[%clk 0:22:41]} 16. Ne3
{[%clk 0:24:49]} Rc8 {[%clk 0:22:04]} 17. Nxf5 {[%clk 0:24:36]} Nxf5
{[%clk 0:22:13]} 18. Bh3 {[%clk 0:21:10]} Qf6 {[%clk 0:20:11]} 19. Qd3
{[%clk 0:20:44]} g6 {[%clk 0:19:07]} 20. Bxf5 {[%clk 0:20:38]} Qxf5
{[%clk 0:19:08]} 21. Qxf5 {[%clk 0:20:43]} gxf5 {[%clk 0:19:19]} 22. Rad1
{[%clk 0:20:48]} Rfd8 {[%clk 0:17:03]} 23. Rfe1 {[%clk 0:20:31]} Rd4
{[%clk 0:16:35]} 24. Rxd4 {[%clk 0:16:13]} cxd4 {[%clk 0:15:41]} 25. Rd1
{[%clk 0:14:08]} Rc2 {[%clk 0:15:26]} 26. Rxd4 {[%clk 0:13:58]} Rxb2
{[%clk 0:15:36]} 27. Ra4 {[%clk 0:14:08]} a5 {[%clk 0:15:32]} 28. Ra3
{[%clk 0:14:09]} Kf8 {[%clk 0:11:24]} 29. Kf1 {[%clk 0:14:07]} Ke7
{[%clk 0:11:21]} 30. Re3+ {[%clk 0:13:00]} Kd6 {[%clk 0:09:56]} 31. a3
{[%clk 0:12:54]} f6 {[%clk 0:09:33]} 32. h3 {[%clk 0:11:34]} a4 {[%clk 0:09:21]}
33. g4 {[%clk 0:11:30]} Rb3 {[%clk 0:08:07]} 34. Ke2 {[%clk 0:11:19]} fxg4
{[%clk 0:04:19]} 35. hxg4 {[%clk 0:11:28]} Kd5 {[%clk 0:02:06]} 36. f5
{[%clk 0:08:56]} Rxe3+ {[%clk 0:01:36]} 37. Kxe3 {[%clk 0:07:44]} b5
{[%clk 0:01:28]} 38. f3 {[%clk 0:05:55]} b4 {[%clk 0:01:16]} 39. Kd3
{[%clk 0:05:59]} bxa3 {[%clk 0:00:41]} 40. Kc3 {[%clk 0:06:03]} Ke5
{[%clk 0:00:43]} 41. Kc2 {[%clk 0:06:04]} Kf4 {[%clk 0:00:48]} 42. Kb1
{[%clk 0:06:11]} h6 {[%clk 0:00:56]} 0-1